000 00744nam a2200241Ia 4500
003 OSt
005 20220926010031.0
006 a|||||r|||| 00| 0
007 ta
008 220923b |||||||| |||| 00| 0 eng d
020 _a9788175349759
_c136
037 _b2746, 06/03/2014, Paramount International
_cGeneral Book
040 _aRTL
_cRTL
_beng
041 _2eng
_aeng
082 _aX:1:(Z), Q0
100 _aSAHARAY H K
_9151801
245 0 _aText book on consumer protection law
260 _a New Delhi
_bUniversal Law Publishing
_c2010
300 _axxiii, 156p
_ccm.
650 _aCommerce
942 _hX:1:(Z), Q0
_cGB
_2CC
999 _c616168
_d616168